| 000 | 00825nam a22002057a 4500 | ||
|---|---|---|---|
| 008 | 120203t xxu||||| |||| 00| 0 eng d | ||
| 020 | _a0787940046 9780787940041 | ||
| 050 | _aHD31.M73 | ||
| 100 | _aMohrrman, Susan Albers | ||
| 245 |
_aTomorrow's organization : crafting winning capabilities in a dynamic world / _cSusan Albers. Mohrman |
||
| 260 |
_aSan Francisco, Calif. : _b New Lexington Press, _c1998. |
||
| 300 |
_axxiv, 453 p.: _c23cm. _bill. |
||
| 500 | _aIncludes index. | ||
| 505 | _aContents: Designing competitive organizations -- Enabling competitive performance --Managing people in the competitive organization -- Transforming the organization. | ||
| 650 | _aOrganizational structure. | ||
| 650 | _aCorporate governance. | ||
| 700 | _aGalbraith, Jay R. | ||
| 700 | _aLawer, Edward E. | ||
| 942 |
_2lcc _cBK |
||
| 999 |
_c586 _d8086 |
||